| 000 | 01524nam a2200433 i 4500 | ||
|---|---|---|---|
| 999 |
_c50089 _d50089 |
||
| 001 | 50089 | ||
| 003 | ES-MaCES | ||
| 005 | 20171017123800.0 | ||
| 008 | 171016s2016 sp | ||||o000 0|spa | | ||
| 017 |
_aM 37453-2016 _bDL |
||
| 020 | _a9788473515573 | ||
| 020 | _a9788473515580 (formato electrónico) | ||
| 024 | 7 |
_a635-16-055-2 _2nipo |
|
| 024 | 7 |
_a635-16-056-8 (formato electrónico) _2nipo |
|
| 040 |
_aES-MaCES _bspa _cES-MaCES |
||
| 100 | 1 |
_938618 _aBelmonte Martín, Irene |
|
| 245 | 1 | 3 |
_aLa modernización de la gestión tributaria local en España _b: el caso de Suma Gestión Tributaria de la Diputación de Alicante _cIrene Belmonte Martín |
| 250 | _a1ª ed | ||
| 260 |
_aMadrid _bInstituto Nacional de Administración Pública _c2016 |
||
| 300 |
_a268 p. _c24 cm |
||
| 490 | 1 | _aMonografías | |
| 504 | _aBibliografía: p. 235-260 | ||
| 541 | 0 | _cGratuito | |
| 650 | 4 |
_agobierno local _927219 |
|
| 650 | 4 |
_aadministración fiscal _927209 |
|
| 650 | 4 |
_aimpuesto _928086 |
|
| 650 | 4 |
_asistema tributario _928092 |
|
| 650 | 4 |
_areforma tributaria _928091 |
|
| 650 | 4 |
_areforma administrativa _927223 |
|
| 650 | 4 |
_amodernización _927016 |
|
| 650 | 0 | 4 |
_aEspaña _926964 |
| 650 | 4 |
_aAlicante _938619 |
|
| 650 | 4 |
_aestudio de casos _928846 |
|
| 653 | _aFiscalidad | ||
| 710 | 2 |
_94265 _aInstituto Nacional de Administración Pública (España) _eed. |
|
| 830 | 0 |
_934636 _aMonografías (Instituto Nacional de Administración Pública (España)) |
|
| 902 | _aLIB Libro | ||
| 942 |
_2CES _cBK _h0.1. |
||